Celebrating Edinburgh 1910: reflections on visible unity

Saved in:  
Bibliographic Details
Main Author: Tanner, Mary 1938- (Author)
Format: Print Article
Language:English
Check availability: HBZ Gateway
Interlibrary Loan:Interlibrary Loan for the Fachinformationsdienste (Specialized Information Services in Germany)
Published: 2010
In: Theology
Year: 2010, Volume: 113, Issue: 876, Pages: 403-410
Standardized Subjects / Keyword chains:B World Missionary Conference (1910 : Edinburgh) / Jubilee / Geschichte 2010
IxTheo Classification:KAH Church history 1648-1913; modern history
KAJ Church history 1914-; recent history
RJ Mission; missiology

MARC

LEADER 00000caa a22000002c 4500
001 1646307038
003 DE-627
005 20220616124330.0
007 tu
008 160405s2010 xx ||||| 00| ||eng c
035 |a (DE-627)1646307038 
035 |a (DE-576)467029946 
035 |a (DE-599)BSZ467029946 
040 |a DE-627  |b ger  |c DE-627  |e rakwb 
041 |a eng 
084 |a 1  |2 ssgn 
100 1 |0 (DE-588)121658457  |0 (DE-627)705605493  |0 (DE-576)180917692  |4 aut  |a Tanner, Mary  |d 1938- 
109 |a Tanner, Mary 1938-  |a Tanner, Dame Mary 1938-  |a Tanner, Dame Mary Elizabeth 1938-  |a Fussell, Mary 1938-  |a Tanner, Dame M. 1938-  |a Tanner, Mary Elizabeth 1938- 
245 1 0 |a Celebrating Edinburgh 1910  |b reflections on visible unity 
264 1 |c 2010 
336 |a Text  |b txt  |2 rdacontent 
337 |a ohne Hilfsmittel zu benutzen  |b n  |2 rdamedia 
338 |a Band  |b nc  |2 rdacarrier 
601 |a Edinburgh 
652 |a KAH:KAJ:RJ 
689 0 0 |d f  |0 (DE-588)5284133-9  |0 (DE-627)711052069  |0 (DE-576)196850827  |2 gnd  |a World Missionary Conference  |d 1910  |c Edinburgh 
689 0 1 |d s  |0 (DE-588)4129003-3  |0 (DE-627)104724919  |0 (DE-576)209606878  |2 gnd  |a Jubiläum 
689 0 2 |q z  |2 gnd  |a Geschichte 2010 
689 0 |5 (DE-627) 
773 0 8 |i In  |t Theology  |d London : SPCK Publishing, 1920  |g 113(2010), 876, Seite 403-410  |w (DE-627)129886203  |w (DE-600)301072-7  |w (DE-576)01518594X  |x 0040-571X  |7 nnas 
773 1 8 |g volume:113  |g year:2010  |g number:876  |g pages:403-410 
935 |a mteo 
951 |a AR 
ELC |b 1 
ITA |a 1  |t 1 
LOK |0 000 xxxxxcx a22 zn 4500 
LOK |0 001 3317726709 
LOK |0 003 DE-627 
LOK |0 004 1646307038 
LOK |0 005 20160405152944 
LOK |0 008 160404||||||||||||||||ger||||||| 
LOK |0 040   |a DE-Tue135  |c DE-627  |d DE-Tue135 
LOK |0 092   |o n 
LOK |0 852   |a DE-Tue135 
LOK |0 852 1  |9 00 
LOK |0 935   |a ixzs  |a ixmi 
LOK |0 936ln  |0 1442053240  |a RJ 
LOK |0 936ln  |0 1442044624  |a KAH 
LOK |0 936ln  |0 1442044640  |a KAJ 
LOK |0 939   |a 04-04-16  |b l01 
ORI |a SA-MARC-ixtheoa001.raw 
STA 0 0 |a Jubilee 
STB 0 0 |a Jubilé 
STC 0 0 |a Jubileo,Aniversario,Aniversario 
STD 0 0 |a Anniversario,Giubileo,Giubileo 
STE 0 0 |a 周年纪念日 
STF 0 0 |a 周年紀念日 
STG 0 0 |a Jubileu,Aniversário,Aniversário 
STH 0 0 |a Юбилей 
STI 0 0 |a Επέτειος 
SYG 0 0 |a Welt-Missions-Konferenz,1910,Edinburgh,World Conference on Mission and Evangelism,1910,Edinburgh,Weltmissionskonferenz,1910,Edinburgh , Jubiläumsfeier,Jubiläen 
TIM |a 100020100101_100020101231  |b Geschichte 2010